NBA Three-Point Leaders 2025 - Statistics

General Stats
  • This quiz has been taken 165 times
  • The average score is 17 of 20
Answer Stats
Total Team Player % Correct
320 MIN Anthony Edwards
99%
250 BOS Jayson Tatum
96%
216 CHI Coby White
92%
265 BOS Derrick White
92%
218 ATL Trae Young
91%
233 CLE Donovan Mitchell
90%
311 GSW Steph Curry
90%
251 MIA Tyler Herro
90%
218 IND Tyrese Haliburton
90%
235 LAC James Harden
89%
234 HOU Jalen Green
86%
212 CLE Darius Garland
85%
255 BOS Payton Pritchard
84%
200 LAL Austin Reaves
83%
216 DAL Klay Thompson
83%
235 WAS Jordan Poole
80%
239 SAC Zach LaVine
76%
319 DET Malik Beasley
73%
203 GSW Buddy Hield
71%
215 POR Anfernee Simons
69%
No matching quizzes found
Score Distribution
Percent of People with Each Score
Percentile by Number Answered
Your Score History
You have not taken this quiz